| 000 | 00000nam 2200000zi 4500 |
| 001 | 9.900626 |
| 003 | CaOODSP |
| 005 | 20240910142436 |
| 006 | m o d f |
| 007 | cr ||||||||||| |
| 008 | 210610e20210526oncb o f000 0 eng d |
| 020 | |a9780660391861 |
| 040 | |aCaOODSP|beng|erda|cCaOODSP |
| 043 | |an-cn--- |
| 086 | 1 |aT29-163/2021E-PDF |
| 245 | 00|aList of Canada’s designated alternate ballast water exchange areas and fresh waters. |
| 250 | |aEdition 10. |
| 264 | 1|a[Ottawa] : |bTransport Canada = Transports Canada, |c26 May 2021. |
| 264 | 4|c©2021 |
| 300 | |a1 online resource (v, 8 pages) : |bcolour maps |
| 336 | |atext|btxt|2rdacontent |
| 337 | |acomputer|bc|2rdamedia |
| 338 | |aonline resource|bcr|2rdacarrier |
| 500 | |aIssued also in French under title: Liste des zones désignées de renouvellement d'eau de ballast et d'eaux douces au Canada. |
| 500 | |a"Original date issued: January 1, 2000; date revised: May 27th, 2021." |
| 500 | |aIssued also in HTML format. |
| 650 | 0|aDischarge of ballast water|xLaw and legislation|zCanada. |
| 710 | 1 |aCanada. |bTransport Canada, |eissuing body. |
| 775 | 08|tListe des zones désignées de renouvellement d'eau de ballast et d'eaux douces au Canada.|w(CaOODSP)9.900629 |
| 794 | |tList of Canada's designated alternate ballast water exchange areas and fresh waters.|b(Edition 11)|w(CaOODSP)9.939530 |
| 795 | |tGuide to Canada's ballast water regulations.|w(CaOODSP)9.874691 |
| 856 | 40|qPDF|s1.27 MB|uhttps://publications.gc.ca/collections/collection_2021/tc/T29-163-2021-eng.pdf |
| 856 | 4 |qHTML|sN/A|uhttps://tc.canada.ca/en/marine-transportation/marine-safety/list-canada-s-designated-alternate-ballast-water-exchange-area-fresh-waters-tp-13617e-2021 |
| 986 | |aTP 13617E (05/2021) |